000 00259nam a2200097Ia 4500
001 918981
005 20250826185942.0
008 250824s9999 xx 000 0 und d
245 0 _aBAŞLANGIÇLARIN SONSUZ MUTLULUĞU
_cAYKUT ERTUĞRUL
260 _bKETEBE YAYINLARI
999 _c918981
_d918981